Principles of geographical information systems / (Record no. 155742)

MARC details
000 -LEADER
fixed length control field 00846nam a22002417a 4500
005 - DATE AND TIME OF LATEST TRANSACTION
control field 20180810122928.0
010 ## - LCCN (DPL NO)
LC control number ENG-123718
020 ## - INTERNATIONAL STANDARD BOOK NUMBER
International Standard Book Number 9780198748618
Terms of availability 590.00
035 ## - SYSTEM CONTROL NUMBER
System control number EN-107250
037 ## - SOURCE OF ACQUISITION
Source of stock number/acquisition DBAD/PUB
082 ## - DEWEY DECIMAL CLASSIFICATION NUMBER
Classification number 910.285
100 ## - MAIN ENTRY--PERSONAL NAME
Personal name Burrough, Peter A.
245 ## - TITLE STATEMENT
Title Principles of geographical information systems /
Statement of responsibility, etc by Peter A. Burrough; Rachael A. McDonnell [and] Christopher D. Lloyd
250 ## - EDITION STATEMENT
Edition statement 3rd ed.
260 ## - PUBLICATION, DISTRIBUTION, ETC. (IMPRINT)
Date of publication, distribution, etc 2017
Place of publication, distribution, etc New Delhi
Name of publisher, distributor, etc Oxford University Press
270 ## - ADDRESS
Address YMCA Library Building, 1 Jai Singh Road,
City New Delhi
Postal code 110001
300 ## - PHYSICAL DESCRIPTION
Dimensions 25cm(pbk)
Extent xiv,423p.
Other physical details ill.
500 ## - GENERAL NOTE
General note It include bibliography and index
500 ## - GENERAL NOTE
General note Online Resources for teachers and students
700 ## - ADDED ENTRY--PERSONAL NAME
Personal name McDonnell, Rachael A.
700 ## - ADDED ENTRY--PERSONAL NAME
Personal name Lloyd, Christopher D.
942 ## - ADDED ENTRY ELEMENTS (KOHA)
Item type English Books
Source of classification or shelving scheme Dewey Decimal Classification
Call number suffix BUR
Classification part 910.285
Holdings
Withdrawn status Lost status Not for loan Collection code Home library Current library Date acquired Source of acquisition Cost, normal purchase price Full call number Barcode Copy number Cost, replacement price Koha item type
    Not For Loan Non-fiction D.B.Act.Division Central Library 10/08/2018 DBAD/PUB 590.00 910.285 BUR EN-107250 1 590.00 English Books

© Delhi Public Library
Hit Counter
free hit counter